000 00407nam a2200133Ia 4500
008 230917s9999||||xx |||||||||||||| ||und||
040 _e92730
_aMAIN
041 _aEnglish
082 _a616..07 M474T
100 _aMehta, Rashmi
245 0 _aTesticular tumors: ten year retrospective clinico pathological analysis 1979-1988 at medical college & hospital Rohtak (Haryana)
300 _a148 p.
942 _cTH
999 _c72910
_d72910